UM Logo

Fundamentals of first aid and water safety : (Record no. 17208)

MARC details
000 -LEADER
fixed length control field 00814nam a22002057a 4500
008 - FIXED-LENGTH DATA ELEMENTS--GENERAL INFORMATION
fixed length control field 220824b ||||| |||| 00| 0 eng d
020 ## - INTERNATIONAL STANDARD BOOK NUMBER
International Standard Book Number 9786214182022
082 ## - DEWEY DECIMAL CLASSIFICATION NUMBER
Edition number 2021
Classification number DFil 616.0252
Item number F962
100 ## - MAIN ENTRY--PERSONAL NAME
Personal name Domingo, Christian G.
9 (RLIN) 45718
245 ## - TITLE STATEMENT
Title Fundamentals of first aid and water safety :
Remainder of title a handbook for Criminology faculty and students /
Statement of responsibility, etc. Christian G. Domingo and three others.
250 ## - EDITION STATEMENT
Edition statement 2021 edition.
260 ## - PUBLICATION, DISTRIBUTION, ETC. (IMPRINT)
Place of publication, distribution, etc. Quezon City :
Name of publisher, distributor, etc. Wiseman's Books Trading, Inc.,
Date of publication, distribution, etc. ©2021.
300 ## - PHYSICAL DESCRIPTION
Extent vi, 158 pages :
Other physical details illustrations ;
Dimensions 22 cm.
500 ## - GENERAL NOTE
General note Includes references.
650 ## - SUBJECT ADDED ENTRY--TOPICAL TERM
Topical term or geographic name as entry element First aid in illness and injury.
9 (RLIN) 45732
700 ## - ADDED ENTRY--PERSONAL NAME
Personal name Meimban, Jacob Chino F.,
Relator term author.
9 (RLIN) 45733
700 ## - ADDED ENTRY--PERSONAL NAME
Personal name Herialis, Cris F.,
Relator term author.
9 (RLIN) 45734
700 ## - ADDED ENTRY--PERSONAL NAME
Personal name Hermosa, Portia R.
Relator term author.
9 (RLIN) 45735
942 ## - ADDED ENTRY ELEMENTS (KOHA)
Source of classification or shelving scheme Dewey Decimal Classification
Koha item type Filipiniana
Holdings
Withdrawn status Lost status Source of classification or shelving scheme Damaged status Not for loan Collection code Home library Current library Date acquired Source of acquisition Cost, normal purchase price Total Checkouts Full call number Barcode Date last seen Copy number Price effective from Koha item type
    Dewey Decimal Classification     Filipiniana UM Digos College - LIC UM Digos College - LIC 08/16/2022 Purchased 350.00   DFil 616.0252 F962 2021 26953 05/15/2025 1 08/24/2022 Filipiniana
    Dewey Decimal Classification     Filipiniana UM Digos College - LIC UM Digos College - LIC 08/16/2022 Purchased 350.00   DFil 616.0252 F962 2021 26954 05/15/2025 2 08/24/2022 Filipiniana
    Dewey Decimal Classification     Filipiniana UM Digos College - LIC UM Digos College - LIC 08/16/2022 Purchased 350.00   DFil 616.0252 F962 2021 27172 05/15/2025 3 09/17/2022 Filipiniana